000 02242cam a22004814i 4500
003 PE-LiUPU
005 20250731173409.0
008 150706s2001 xxka r 000 0 spa d
020 _a9780311043033
035 _a(Sirsi) i9780311043033
040 _aPE-LiUPU
_bspa
_cPE-LiUPU
_erda
049 _aPRUA
082 0 4 _a226.1
_bC47
_221
100 1 _aMcConnell M., Cecilio ,
_eautor.
245 1 4 _aLos evangelios en paralelo /
_cCecilio McConnell M. ; Juan Carlos Cevallos A., ed.
250 _a2a edición.
264 1 _aAlabama Street, El Paso :
_bMundo Hispano,
_c2001.
300 _a305 páginas :
_bilustraciones, color ;
_c20 centímetros
336 _atext
_2rdacontent
337 _aunmediated
_2rdamedia
338 _avolume
_2rdacarrier
505 0 _aPropósito de los evangelios -- Preexistencia de Cristo -- Genealogía de Jesucristo -- Nacimiento y niñez de Juan el Bautista y de Jesús -- Principios del ministerio de Juan el Bautista -- Principio del ministerio público de Jesús -- El gran ministerio de Jesús en galilea -- Los doce son preparados fuera de Galilea -- Ministerio de Jesús en Judea -- Ministerio de Jesús en Parea -- Último ministerio de Jesús en Jerusalén -- Jesús con los doce antes de la cruz -- Prendimiento, proceso, Crucifixión y sepultura de Jesús -- Resurrección, Apariciones y ascensión de Jesús.
526 _aSEG42
526 _aSEG41
526 _aSEG40
526 _aSEG39
526 _aP94
526 _aP87
526 _aP86
526 _aP85
526 _aP77
526 _aP76
526 _aP35
541 _g001-0000536;
630 _aBiblia.
_pN.T.
_pEvangelios.
700 1 _aCevallos, Juan Carlos,
_eeditor.
910 _agl
_bjv
_cng
_d20110929
942 _2ddc
_cBOOK
949 _a226.1 C47
_wDEWEY
_c1
_i63730
_lCCODEBUL1
_mBUL
_p18.00
_r0
_sY
_tBOOK
_u2015-7-6
_xTEOLOGIA
_PP35
_o.STAFF. Colección Teología
994 _aC0
_bPEPRU
596 _a1
999 _a226.1 C47
_wDEWEY
_c52625
_i63730
_d52625
_e2017-10-26
_f2021-11-9
_g5
_lCCODEBUL1
_mBUL
_n1
_p18.00
_q1
_r0
_sY
_tBOOK
_u2015-7-6
_xTEOLOGIA
_PP35
_0COMPRA
_o.STAFF. Colección Teología
980 _81
_gALBERTO SANCHEZ Responsable de Automatización